Davis's Drug Guide For Nurses (Record no. 157562)

MARC details
000 -LEADER
fixed length control field 00361nam a2200133Ia 4500
008 - FIXED-LENGTH DATA ELEMENTS--GENERAL INFORMATION
fixed length control field 230411s9999 xx 000 0 und d
041 ## - LANGUAGE CODE
Language code of text/sound track or separate title eng
082 ## - DEWEY DECIMAL CLASSIFICATION NUMBER
Classification number PH/615.1/VAL/B07434
100 ## - MAIN ENTRY--PERSONAL NAME
Personal name Vallerand April
9 (RLIN) 179561
245 ## - TITLE STATEMENT
Title Davis's Drug Guide For Nurses
260 ## - PUBLICATION, DISTRIBUTION, ETC. (IMPRINT)
Name of publisher, distributor, etc. F A Davis Company
Place of publication, distribution, etc. Philadelphia
Date of publication, distribution, etc. 2011
300 ## - PHYSICAL DESCRIPTION
Extent 1494p
Holdings
Withdrawn status Lost status Damaged status Not for loan Collection code Home library Current library Date acquired Vendor Cost, normal purchase price Bill number Full call number Barcode Date last seen Cost, replacement price Bill Date Koha item type Original Barcode
      Reference   Smt. Bakul Tambat Institute of Nursing Education Smt. Bakul Tambat Institute of Nursing Education 20/03/2013 B.J.Medical Co-oprative College Stores 2435.27 5529 PH 615.1 VAL B07434 BTIN-BK-7434 11/04/2023 1778.01 20/03/2013 Books B07434